WILKINSON'S ROAD TRAFFINC OFFENCES (Record no. 4902)
[ view plain ]
| 000 -LEADER | |
|---|---|
| fixed length control field | 01152nam a22001697a 4500 |
| 020 ## - INTERNATIONAL STANDARD BOOK NUMBER | |
| ISBN | 9780851212241 |
| 020 ## - INTERNATIONAL STANDARD BOOK NUMBER | |
| ISBN | 0851212247 |
| 050 ## - CALL NUMBER | |
| Classification number | KD2618 |
| Item number | .W54 |
| 100 ## - AUTHOR | |
| Personal name | Halnan, Patrick |
| 245 ## - TITLE | |
| Title | WILKINSON'S ROAD TRAFFINC OFFENCES |
| Statement of responsibility, etc | Halnan, Patrick and Spenser John |
| 260 ## - PUBLICATION INFORMATION | |
| Place of publication | London |
| Name of publisher | Longman professional and British Communication Division |
| Year of publication | 1986 |
| 300 ## - DESCRIPTION | |
| Number of Pages | 197p. |
| Dimensions | 23cm. |
| Other physical details | ill. |
| 505 ## - FORMATTED CONTENTS NOTE | |
| Table of Content | <br/> Volume 1: definitions; procedure; evidence; drink/driving offences; dangerous, careless and inconsiderate driving; driver offences; accidents and furnishing information; vehicle offences; protection of drivers and passengers; insurance; driving licences; excise and trade licences; goods and passenger vehicles; drivers' hour and records; theft, aggravated vehicle taking, criminal damage, etc; forgery, fraudulent use and false statements; fixed penalties; custodial sentences; endorsement and penalty points; disqualification; special reasons and mitigating circumstances; appeals.<br/><br/>v. 2. Sources. |
| 650 ## - SUBJECTS | |
| Topical Term | Traffic violations -- England. |
| General subdivision | Traffic violations -- Wales. |
| 650 ## - SUBJECTS | |
| Topical Term | Traffic regulations -- England. |
| 942 ## - ADDED ENTRY ELEMENTS (KOHA) | |
| Koha item type | Books |
| Withdrawn status | Lost status | Collection code | Home library | Current library | Shelving location | Date acquired | Full call number | Accession Number | Koha item type |
|---|---|---|---|---|---|---|---|---|---|
| Reference | Methodist University Law Library | Methodist University Law Library | General Stacks | KD2618 .W54 | 28305 | Books |